01356nam a2200313 a 4500001001000000003000900010005001700019008004100036020001800077040002500095049000900120082001700129111012100146245001800267260013800285300002800423490002700451504005600478504003100534600006500565650009000630650005400720650005100774830003400825910003700859942001400896952011500910999001701025000042865DO-SdBNP20221128100815.0140211s2010 sp a 000 0 spa d a9788476358153 aDO-SdBNPbspacBNPHU aBNPD a928.6bT656g1 aGrand Séminaire de Neuchâtel = Coloquio Internacional Javier Tomeod(2007, 5-6 nov :cNeuchâtel, Suiza)97026810aJavier Tomeo. aMadrid :aNeuchâtel, Suiza :bCentro de Investigación de Narrativa Española :bUniversité de Neuchâtel,c2010.fArco/Libros a220 p. :bil. ;c22 cm.1 aCuadernos de Narrativa aIncluye bibliografía y notas al pie de páginas. aBibliografía: p. 199-22014aTomeo, Javier, d1931-xCrítica e interpretación 970269 4aAutores españolesxCrítica e interpretaciónxEnsayos, conferencias, etc.970270 4aLiteratura españolaxHistoria y crítica93904 4aNovela españolaxHistoria y crítica912614 0aCuadernos de Narrativa970271 aValidado. Control de calidad EMS 2ddccLBS1 001050718MOaGRbGRcHDd2014-02-11iLF1l0o928.6 T656gp42865-10r2020-06-25w2020-06-25y1ZNo se presta c42354d42354